MARC

LEADER 00000nam0a2200000 4500
001 299177
005 20231102001158.0
035 |a (RuTPU)RU\TPU\book\324329 
090 |a 299177 
100 |a 20150625d1982 km y0rusy50 ca 
101 0 |a rus 
102 |a RU 
105 |a a z 001zy 
200 1 |a Стратиграфия палеогена северо-западной части Тихого океана  |f В. А. Крашенинников  |g Академия наук СССР (АН СССР), Геологический институт (ГИН) 
210 |a Москва  |c Наука  |d 1982 
215 |a 144 с.  |c ил. 
225 1 |a Труды геологического института АН СССР  |v Вып. 369 
320 |a Библиогр. в конце ст. 
606 1 |a Третичные отложения  |2 stltpush  |3 (RuTPU)RU\TPU\subj\61574  |9 78762 
610 1 |a палеоген 
610 1 |a стратиграфия 
610 1 |a Тихий океан 
610 1 |a планктоны 
610 1 |a фораминиферы 
610 1 |a радиолярии 
610 1 |a геологическая история 
675 |a 551.78  |v 4 
700 1 |a Крашенинников  |b В. А.  |g Валерий Аркадьевич 
712 0 2 |a Академия наук СССР (АН СССР)  |b Геологический институт (ГИН)  |c (Москва)  |2 stltpush  |3 (RuTPU)RU\TPU\col\11354 
801 1 |a RU  |b 63413507  |c 20150625 
801 2 |a RU  |b 63413507  |c 20190327  |g RCR 
942 |c BK